Billboardy - veľkoplošné obrazy aj o ekonomickej situácii

Billboard ako jeden z výrazových reklamných prostriedkov. Reklamná agentúra Oris. Činnosť firmy Europlakat. Vplyv zákazu reklamy na niektorých diaľkových trasách na zisky reklamných agentúr. Detský svet v reklame.

Enregistré dans:
Détails bibliographiques
Format: Chapitre de livre
Langue:slovaque
Sujets:
Tags: Ajouter un tag
Pas de tags, Soyez le premier à ajouter un tag!

MARC

LEADER 00000naa a2200000 4500
001 r022989
005 20251104123801.8
041 0 |a slo 
044 |a SK 
245 1 0 |a Billboardy - veľkoplošné obrazy aj o ekonomickej situácii 
520 |a Billboard ako jeden z výrazových reklamných prostriedkov. Reklamná agentúra Oris. Činnosť firmy Europlakat. Vplyv zákazu reklamy na niektorých diaľkových trasách na zisky reklamných agentúr. Detský svet v reklame. 
610 2 0 |a marketing 
610 2 0 |a reklama 
610 2 0 |a agentúry 
610 2 0 |a Oris, s.r.o. Bratislava 
610 2 0 |a Europlakat, s.r.o. Bratislava 
610 2 0 |a deti